Southville International School and Colleges
Your cart is empty.
  • Cart
  • Lists
    Public lists Eva Luna New books Lux_list list_1
    Your lists Log in to create your own lists
  • Log in to your account
  • Your cookies
  • Search history
Southville International School and Colleges
  • Advanced search
  • Recent comments
  • Most popular
  • Libraries

Log in to your account

Log in with GOOGLE


If you do not have an external account, but do have a local account, you can still log in:

  1. Home
  2. MARC view: Character costume figure drawing :
Normal view MARC view ISBD view

Character costume figure drawing : (Record no. 24459)

[ view plain ]
MARC details
000 -LEADER
fixed length control field 00669nam a2200229 a 4500
005 - DATE AND TIME OF LATEST TRANSACTION
control field 20140310183523.0
008 - FIXED-LENGTH DATA ELEMENTS--GENERAL INFORMATION
fixed length control field 111108s19uu xx 00 eng d
020 ## - INTERNATIONAL STANDARD BOOK NUMBER
International Standard Book Number 9780240811840
050 ## - LIBRARY OF CONGRESS CALL NUMBER
Classification number PN 2067
Item number .T36 2010
100 ## - MAIN ENTRY--PERSONAL NAME
Personal name Tan, Huaixiang
245 ## - TITLE STATEMENT
Title Character costume figure drawing :
Remainder of title step-by-step drawing methods for theatre costume designers /
Statement of responsibility, etc Tan Huaixiang.
250 ## - EDITION STATEMENT
Edition statement 2nd ed.
260 ## - PUBLICATION, DISTRIBUTION, ETC. (IMPRINT)
Place of publication, distribution, etc Massachusetts :
Name of publisher, distributor, etc Elsevier,
Date of publication, distribution, etc 2010.
300 ## - PHYSICAL DESCRIPTION
Extent 338 p. :
Other physical details col. ill. ;
Dimensions 22 cm.
521 ## - TARGET AUDIENCE NOTE
Target audience note
650 ## - SUBJECT ADDED ENTRY--TOPICAL TERM
Topical term or geographic name as entry element Costume
650 ## - SUBJECT ADDED ENTRY--TOPICAL TERM
Topical term or geographic name as entry element Costume design
650 ## - SUBJECT ADDED ENTRY--TOPICAL TERM
Topical term or geographic name as entry element Drawing
General subdivision Technique
942 ## - ADDED ENTRY ELEMENTS (KOHA)
Koha item type Books
Source of classification or shelving scheme Library of Congress Classification
Call number prefix Foreign
Holdings
Withdrawn status Lost status Source of classification or shelving scheme Damaged status Home library Current library Shelving location Date acquired Source of acquisition Total Checkouts Full call number Barcode Date last seen Copy number Price effective from Koha item type
    Library of Congress Classification   College Library College Library General Circulation Section 11/08/2011 Donation   PN 2067 .T36 2010 C12457 05/15/2018 1 03/10/2014 Books
    Library of Congress Classification   College Library College Library General Circulation Section 01/21/2014 Donation   PN 2067 .T36 2010 C14501 05/15/2018 2 01/21/2014 Books

Character costume figure drawing :

APA

Tan H., . (2010). Character costume figure drawing. Massachusetts: Elsevier.

Chicago

Tan Huaixiang, . 2010. Character costume figure drawing. Massachusetts: Elsevier.

Harvard

Tan H., . (2010). Character costume figure drawing. Massachusetts: Elsevier.

MLA

Tan Huaixiang, . Character costume figure drawing. Massachusetts: Elsevier. 2010.

  • Place hold
  • Print
  • Cite
  • Add to your cart (remove)
  • Save record
    BIBTEX Dublin Core MARCXML MARC (non-Unicode/MARC-8) MARC (Unicode/UTF-8) MARC (Unicode/UTF-8, Standard) MODS (XML) RIS
  • More searches
    Search for this title in:
    Other Libraries (WorldCat) Other Databases (Google Scholar) Online Stores (Bookfinder.com) Open Library (openlibrary.org)

Exporting to Dublin Core...

SOUTHVILLE LIBRARY

Southville International School and Colleges Library

1281 Tropical Ave. Cor. Luxembourg St., BF Homes International, Las Pinas City

Tel. No. 8256374 / 252358 Loc. 117/146

Powered by Koha